World Population: Billions Blitz Quiz Stats

 Plays Quiz not verified by Sporcle

Also try: Slogans: Last Word
Challenge
Share
Tweet
Embed
Score 0/10 Timer 02:00
0 Plays Today
Population Year % Correct
1/2 Billion1500
100%
7 Billion2012
66.1%
5 Billion1987
62.9%
8 Billion (Future Year)2025
61.3%
6 Billion1999
61.3%
2 Billion1930-32
61.3%
4 Billion1974
59.7%
3 Billion1960
59.7%
9 Billion (Future Year)2042
51.6%
1 Billion1850
35.5%

You're not logged in!

Compare scores with friends on all Sporcle quizzes.
OR
Log In

You Might Also Like...

Show Comments

Extras

Top Quizzes Today


Score Distribution

Your Account Isn't Verified!

In order to create a playlist on Sporcle, you need to verify the email address you used during registration. Go to your Sporcle Settings to finish the process.

Report this User

Report this user for behavior that violates our Community Guidelines.

Details: